ইসলামী সমাজ চিন্তায় ন্যায়পরতা : (Record no. 34538)
[ view plain ]
| 000 -LEADER | |
|---|---|
| fixed length control field | 01394ntm a2200253 4500 |
| 001 - CONTROL NUMBER | |
| control field | 34538 |
| 003 - CONTROL NUMBER IDENTIFIER | |
| rucl marc code | BD-RjUL |
| 005 - DATE AND TIME OF LATEST TRANSACTION | |
| control field | 20211209052156.0 |
| 008 - FIXED-LENGTH DATA ELEMENTS--GENERAL INFORMATION | |
| fixed length control field | 140518s2012 bg ||||| mb|| 00| 0 ben d |
| 035 ## - SYSTEM CONTROL NUMBER | |
| System control number | (BD-RjUL)34632 |
| 040 ## - CATALOGING SOURCE | |
| Original cataloging agency | BD-RjUL |
| Language of cataloging | ben |
| Transcribing agency | BD-RjUL |
| Modifying agency | BD-RjUL |
| 041 ## - LANGUAGE CODE | |
| Language code of text/sound track or separate title | ben |
| 082 ## - DEWEY DECIMAL CLASSIFICATION NUMBER | |
| Edition number | 21 |
| Classification number | 297.5622 |
| Author mark and year | HOI 2012 |
| 100 ## - MAIN ENTRY--PERSONAL NAME | |
| Personal name | হোসেন (২), মো. আলতাফ . |
| 9 (RLIN) | 74802 |
| 245 ## - TITLE STATEMENT | |
| Title | ইসলামী সমাজ চিন্তায় ন্যায়পরতা : |
| Remainder of title | একটি বিশ্লেষণ / |
| Statement of responsibility, etc. | মো. আলতাফ হোসেন (২) ; |
| Linkage | তত্ত্বাবধায়ক : মো. আক্তার আলী. |
| 260 ## - PUBLICATION, DISTRIBUTION, ETC. (IMPRINT) | |
| Place of publication, distribution, etc. | রাজশাহী : |
| Name of publisher, distributor, etc. | দর্শন বিভাগ, রাজশাহী বিশ্ববিদ্যালয়, |
| Date of publication, distribution, etc. | ২০১২ |
| 300 ## - PHYSICAL DESCRIPTION | |
| Pagination | xii, ৩৫১ পাতা ; |
| Size | ২৯ সেসি. |
| 502 ## - DISSERTATION NOTE | |
| Dissertation note | থিসিস (পিএইচ. ডি.)--দর্শন বিভাগ, রাজশাহী বিশ্ববিদ্যালয়, ২০১২. |
| 504 ## - BIBLIOGRAPHY, ETC. NOTE | |
| Bibliography, etc | গ্রন্থপঞ্জি: পাতা [৩৪০] -৩৫১ |
| 650 ## - SUBJECT ADDED ENTRY--TOPICAL TERM | |
| Topical term or geographic name as entry element | ন্যায়পরতা (দর্শন ) |
| 9 (RLIN) | 105054 |
| Topical term or geographic name as entry element | Justice (Philosophy) |
| 9 (RLIN) | 85433 |
| 700 ## - ADDED ENTRY--PERSONAL NAME | |
| Personal name | আলী, মো. আক্তার, তত্ত্বাবধায়ক . |
| 942 ## - ADDED ENTRY ELEMENTS (KOHA) | |
| Source of classification or shelving scheme | Dewey Decimal Classification |
| Koha item type | Theses |
| Lost status | Source of classification or shelving scheme | Damaged status | Not for loan | Collection code | Permanent Location | Current Location | Shelving location | Date acquired | Source of acquisition | Cost, normal purchase price | Total Checkouts | Full call number | Date last seen | Copy number | Koha item type |
|---|---|---|---|---|---|---|---|---|---|---|---|---|---|---|---|
| Dewey Decimal Classification | Not For Loan | Theses | Central Library, University of Rajshahi | Central Library, University of Rajshahi | Documentation Section | 28/10/2013 | Controller of Examination Office, University of Rajshahi, Rajshahi. | 0.00 | BTHE 297.5622 HOI 2012 | 18/05/2014 | C-1 | Theses |